Hiện trạng chất lượng môi trường đất, nước tại khu bảo tồn thiên nhiên Lung Ngọc Hoàng : Luận văn tốt nghiệp Cao học. Chuyên ngành Quản lý Tài nguyên và Môi trường
Đề tài khảo sát hiện trạng đất, nước theo sinh cảnh tràm, lúa, mía; phân tích và đánh giá chất lượng đất, nước; đề xuất các giải pháp quản lý chất lượng đất và nước tại khu vực nghiên cứu....
Đã lưu trong:
| Hovedforfatter: | |
|---|---|
| Format: | Bog |
| Sprog: | Undetermined |
| Udgivet: |
Cần Thơ
Trường Đại học Cần Thơ
2015
|
| Fag: | |
| Tags: |
Tilføj Tag
Ingen Tags, Vær først til at tagge denne postø!
|
| Thư viện lưu trữ: | Trung tâm Học liệu Trường Đại học Cần Thơ |
|---|
| LEADER | 01204nam a2200217Ia 4500 | ||
|---|---|---|---|
| 001 | CTU_205906 | ||
| 008 | 210402s9999 xx 000 0 und d | ||
| 082 | |a 333.75 | ||
| 082 | |b H401 | ||
| 088 | |a 60850101 | ||
| 100 | |a Nguyễn, Thị Hồng Hoa | ||
| 245 | 0 | |a Hiện trạng chất lượng môi trường đất, nước tại khu bảo tồn thiên nhiên Lung Ngọc Hoàng : | |
| 245 | 0 | |b Luận văn tốt nghiệp Cao học. Chuyên ngành Quản lý Tài nguyên và Môi trường | |
| 245 | 0 | |c Nguyễn Thị Hồng Hoa ; Trương Hoàng Đan (Cán bộ hướng dẫn) | |
| 260 | |a Cần Thơ | ||
| 260 | |b Trường Đại học Cần Thơ | ||
| 260 | |c 2015 | ||
| 520 | |a Đề tài khảo sát hiện trạng đất, nước theo sinh cảnh tràm, lúa, mía; phân tích và đánh giá chất lượng đất, nước; đề xuất các giải pháp quản lý chất lượng đất và nước tại khu vực nghiên cứu. | ||
| 650 | |a Forest management,Quản lý rừng | ||
| 904 | |i Hải | ||
| 980 | |a Trung tâm Học liệu Trường Đại học Cần Thơ | ||